Biblioteca

Divorcio y nuevo matrimonio (II) : (Registro nro. 51982)

Detalles MARC
000 -LÍDER
Campo fijo de descripción fija 01007aab a2200193 i 4500
001 - NÚMERO DE CONTROL
Campo de control 768714001
003 - IDENTIFICADOR DEL NÚMERO DE CONTROL
Campo de control CO-MdFUSB
005 - FECHA Y HORA DE LA ULTIMA TRANSACCIÓN
control field 20240320115553.0
008 - ELEMENTOS DE LONGITUD FIJA -- INFORMACIÓN GENERAL
Campo fijo de descripción fija -- Información general 240318t1992 ag ||||| |||| 00| 0 spa d
040 ## - FUENTE DE CATALOGACIÓN
Idioma de catalogación spa
Agencia que realiza la transcripción CO-MdFUSB
041 ## - CÓDIGO DE IDIOMA
Código de idioma para texto/pista de sonido o título separado spa
100 1# - ASIENTO PRINCIPAL--NOMBRE PERSONAL
Nombre personal Mackey, Tomas
245 10 - TÍTULO
Título Divorcio y nuevo matrimonio (II) :
Subtitulo ¿qué dijo Jesús?
Mención de responsabilidad / Tomás Mackey
300 ## - DESCRIPCIÓN FÍSICA
Extensión Volumen 11, número 4 (octubre - diciembre, 1992), páginas 29 - 30
Dimensiones ; 27 cm
520 ## - NOTA DE RESUMEN, ETC.
Nota de sumario, etc. Los creyentes que intenten cumplir fielmente el ideal del Señor debe decidirse que la mismo creencia que supone la necesaria fortaleza del Señor para poder cumplir con el mandato de "no se separar" es la que anima al ideal de ser una sola carne. Es claro que la unidad más perfecta del matrimonio se vive bajo la gracia de Dios y bajo el señorío de Cristo.
650 #7 - ASIENTO SECUNDARIO DE MATERIA - TERMINO TEMÁTICO
Término temático o nombre geográfico como elemento de entrada Matrimonio
9 (RLIN) 300
773 0# - ASIENTO DE ITEM FUENTE
Título Iglesia y Misión
Biblionumber 49402
Itemnumber 59656
Parte(s) relacionada(s) / Volumen., número. (mes año), páginas Volumen 11, número 4 (octubre - diciembre, 1992), páginas: 29 - 30
Enumeración y primera página páginas: 29
942 ## - TIPO DE MATERIAL (KOHA)
Tipo de Item KOHA Artículos de Revista

No hay ítems disponibles.

Biblioteca FUSBC | Teléfono: (57+4) 349 88 10 Ext. 141| WhatsApp (+57) 3005338115 
E-mail: biblioteca@unisbc.edu.co | Calle 76 87-14 Robledo Palenque, Medellín, Colombia

Con tecnología Koha